000 00717nam a22002297i 4500
999 _c171945
_d171945
005 20190407171721.0
008 190407t20132013enkao e 000 0 eng d
020 _a9781909217317
_qhardback
_cRM53.90
040 _aPPAK
_beng
_cPPAK
_erda
082 0 4 _a623.4309
_223
090 0 0 _a623.4309
_bBRA
_dR
100 1 _aBrachet, Michelle,
_eauthor.
245 1 0 _aTHE HISTORY OF GUNS /
_cMichelle Brachet
264 1 _aWoking, Surrey, UK :
_bDemand Media Limited,
_c2013
264 4 _c©2013
300 _a125 pages :
_bcolour illustrations, colour photographs ;
_c23 cm
336 _2rdacontent
_atext
337 _2rdamedia
_aunmediated
338 _2rdacarrier
_avolume
650 1 0 _aFirearms
_xHistory
942 _2ddc
_cB